| 000 | 01622cam a2200337 a 4500 | ||
|---|---|---|---|
| 001 | 4943374 | ||
| 003 | LC | ||
| 005 | 20160310101852.0 | ||
| 008 | 960312s1996 nyu 000 1 eng | ||
| 010 | _a 96013872 | ||
| 020 | _a0440295521 | ||
| 020 | _a0099410214 | ||
| 040 |
_aDLC _cDLC _dDLC |
||
| 050 | 0 | 0 |
_aPS 3557. _b.G869 1996 |
| 082 | 0 | 0 |
_aFIC _bG88r 1996 |
| 100 | 1 |
_aGrisham, John. _918260 |
|
| 245 | 1 | 4 |
_aThe runaway jury _cJohn Grisham |
| 250 | _a1st ed. | ||
| 260 |
_aNew York : _bDoubleday, _cc1996. |
||
| 300 |
_a401 p. ; _c25 cm. |
||
| 520 | _aThey are at eh center of a multimillion-dollar legal hurricane: twelve men and women who have been investigated, watched, manipulated, and harassed by high-priced lawyers and consultants who will stop at nothing to secure a verdict. Now the jury must make a decision in the most explosive civil trial of the century, a precedent-setting lawsuit against a giant tobacco company. But only a handful of people know the truth: that this jury has a leader, and the verdict belongs to him... | ||
| 655 | 7 |
_aLegal stories. _2gsafd _914108 |
|
| 856 | 4 | 1 |
_3Sample text _uhttp://www.loc.gov/catdir/samples/random051/96013872.html |
| 856 | 4 | 2 |
_3Publisher description _uhttp://www.loc.gov/catdir/description/random0414/96013872.html |
| 856 | 4 | 2 |
_3Contributor biographical information _uhttp://www.loc.gov/catdir/enhancements/fy0703/96013872-b.html |
| 906 |
_a7 _bcbc _corignew _d1 _eocip _f19 _gy-gencatlg |
||
| 942 |
_2lcc _cBK |
||
| 999 |
_c78 _d78 |
||